Computational fluid dynamics (Record no. 5417)

000 -LEADER
fixed length control field 00558nam a22002054a 4500
001 - CONTROL NUMBER
control field 5417
003 - CONTROL NUMBER IDENTIFIER
control field BD-DhUET
008 - FIXED-LENGTH DATA ELEMENTS--GENERAL INFORMATION
fixed length control field 001218s2002 enka b 001 0 eng
020 ## - INTERNATIONAL STANDARD BOOK NUMBER
International Standard Book Number 0521594162
040 ## - CATALOGING SOURCE
Original cataloging agency DLC
Transcribing agency DLC
Modifying agency BD-DhUET
082 00 - DEWEY DECIMAL CLASSIFICATION NUMBER
Classification number 532.050285
Item number CHU/2002
100 ## - MAIN ENTRY--PERSONAL NAME
Personal name Chung, T. J.
245 10 - TITLE STATEMENT
Title Computational fluid dynamics
250 ## - EDITION STATEMENT
Edition statement 1st ed.
260 ## - PUBLICATION, DISTRIBUTION, ETC. (IMPRINT)
Place of publication, distribution, etc. New York
Name of publisher, distributor, etc. Cambridge University Press
Date of publication, distribution, etc. 2002
300 ## - PHYSICAL DESCRIPTION
Extent xxiii, 1012 p.
Other physical details ill.
Dimensions 26 cm.
504 ## - BIBLIOGRAPHY, ETC. NOTE
Bibliography, etc Includes bibliographies
650 #0 - SUBJECT ADDED ENTRY--TOPICAL TERM
Topical term or geographic name as entry element Fluid dynamics - Data processing
942 ## - ADDED ENTRY ELEMENTS (KOHA)
Koha item type General Book
Holdings
Not for loan Koha date last seen Withdrawn status Damaged status Koha full call number Copy number Sublocation or collection (holding branch) Shelving location Price effective from Koha normalized classification for sorting Lost status Koha item type Date acquired Location (home branch) Source of classification or shelving scheme Piece designation (barcode)
 2017-10-11  532.050285/CHU/20021Central Library, BUETCirculation section2014-11-26532_000000000000000_050285CHU2 General Book2014-11-26Central Library, BUET 103636
 2015-06-22  532.050285/CHU/20022Central Library, BUETReading section2015-06-22532_050285000000000_CHU_2002 Reading Item2015-06-22Central Library, BUET 101213
 2022-04-24  532.050285/CHU/20023Central Library, BUETCirculation section2015-08-24532_050285000000000_CHU_2002 General Book2015-08-24Central Library, BUET 102625
 2018-05-07  532.050285/CHU/20024Central Library, BUETCirculation section2018-05-07532_050285000000000_CHU_2002 General Book2007-05-27Central Library, BUET 103637